[Event "SRB Central-ch op-A 7th"]
[Site "Paracin"]
[Date "2014.07.10"]
[Round "8"]
[White "Magnusson, Roger"]
[Black "Stojkovska, Monika"]
[Result "0-1"]
[WhiteElo "2000"]
[BlackElo "2040"]
[PlyCount "74"]
[EventDate "2014.07.04"]
[EventType "swiss"]
[EventRounds "9"]
[EventCountry "SRB"]
[SourceTitle "CBM 161 Extra"]
[Source "ChessBase"]
[SourceDate "2014.08.29"]
[SourceVersion "1"]
[SourceVersionDate "2014.08.29"]
[SourceQuality "1"]

1. d4 Nf6 2. Nc3 d5 3. Bf4 c6 4. e3 Bf5 5. Nf3 e6 6. Ne5 Nbd7 7. g4 Bg6 8. h4 Qb6 9. Rb1 Nxe5 10. dxe5 Nxg4 11. Qxg4 Bxc2 12. Qe2 Bxb1 13. Nxb1 Bb4+ 14. Kd1 0-0-0 15. Qd3 d4 16. e4 Be7 17. b3 Qa5 18. a4 Bb4 19. Rg1 Rhg8 20. Be2 Qc5 21. Bh5 Qe7 22. Bg5 f6 23. Bf4 Qd7 24. Bg4 Rge8 25. Bh3 Qf7 26. f3 Bf8 27. Ke2 Qh5 28. exf6 gxf6 29. Rc1 c5 30. Bg4 Qxh4 31. Qb5 d3+ 32. Ke3 Rd7 33. a5 f5 34. a6 b6 35. b4 Bh6 36. Nc3 Bxf4+ 37. Kxf4 Qh2+ 0-1

[Event "SRB Central-ch op-A 7th"]
[Site "Paracin"]
[Date "2014.07.08"]
[Round "5"]
[White "Dodic, Dragan"]
[Black "Magnusson, Roger"]
[Result "1-0"]
[WhiteElo "2102"]
[BlackElo "2000"]
[PlyCount "61"]
[EventDate "2014.07.04"]
[EventType "swiss"]
[EventRounds "9"]
[EventCountry "SRB"]
[SourceTitle "CBM 161 Extra"]
[Source "ChessBase"]
[SourceDate "2014.08.29"]
[SourceVersion "1"]
[SourceVersionDate "2014.08.29"]
[SourceQuality "1"]

1. d4 Nf6 2. Nf3 e6 3. c4 c5 4. d5 b5 5. Bg5 h6 6. Bxf6 Qxf6 7. Nc3 b4 8. Nb5 Na6 9. b3 exd5 10. cxd5 d6 11. a4 Bg4 12. e3 Be7 13. Be2 0-0 14. 0-0 Rfe8 15. Nd2 Bd7 16. Qc2 Bf8 17. e4 Red8 18. Rae1 g6 19. f4 Bxb5 20. Bxb5 Qd4+ 21. Kh1 Nc7 22. Bc6 Rab8 23. Rf3 Bg7 24. Nc4 Rb6 25. Rd1 Qf6 26. e5 dxe5 27. fxe5 Qg5 28. Rdf1 Rxc6 29. dxc6 Bxe5 30. Rxf7 Ne6 31. Nxe5 1-0

[Event "SRB Central-ch op-A 7th"]
[Site "Paracin"]
[Date "2014.07.04"]
[Round "1"]
[White "Magnusson, Roger"]
[Black "Radovanovic, Nikola"]
[Result "0-1"]
[WhiteElo "2000"]
[BlackElo "2303"]
[PlyCount "62"]
[EventDate "2014.07.04"]
[EventType "swiss"]
[EventRounds "9"]
[EventCountry "SRB"]
[SourceTitle "CBM 161 Extra"]
[Source "ChessBase"]
[SourceDate "2014.08.29"]
[SourceVersion "1"]
[SourceVersionDate "2014.08.29"]
[SourceQuality "1"]

1. d4 Nf6 2. Nc3 d6 3. e4 Nbd7 4. Bc4 e5 5. Nf3 Be7 6. h3 0-0 7. Be3 c6 8. Bb3 b5 9. a3 Bb7 10. 0-0 a6 11. Nh4 g6 12. f4 exd4 13. f5 dxe3 14. fxg6 Ne5 15. gxh7+ Kh8 16. Nf5 c5 17. Bd5 Bxd5 18. exd5 b4 19. Ne2 Nxh7 20. axb4 cxb4 21. Qd4 Bf6 22. Qxe3 Rg8 23. c3 bxc3 24. Nxc3 Nc4 25. Qf4 Qb6+ 26. Rf2 Nxb2 27. Nxd6 Ra7 28. Na4 Nxa4 29. Rxa4 Re7 30. Nc4 Re1+ 31. Kh2 Qb1 0-1